000 00433cam a2200169ua 4500
041 _aeng
_h
082 _a028.73 425
_bWES/DE
100 _aWest, Michael .
245 _aDeskbook of correct English /
_cMichael West.
_hTextual Documents
250 _a1 /
_b.
260 _aLondon :
_bEnglish Language Book Society ,
_c1963.
300 _a192 ; .
504 _a
700 1 _aKimber, P F .
942 _cBK
999 _c8999
_d8999